ミリアニ登場曲 - Statistics

General Stats
  • This quiz has been taken 18 times
    16 since last reset
  • The average score is 24 of 29
Answer Stats
話数 Answer % Correct
第七話 海風とカスタネット
100%
第十二話 海風とカスタネット
100%
第一話 ToP!!!!!!!!!!!!!
100%
ロケットスター☆
93%
Brand New Theater!
93%
主題歌 Rat A Tat!!!
93%
第二話 Rat A Tat!!!
93%
READY!!
93%
Thank You!(Acoustic ver.)
93%
Welcome!!
93%
バトンタッチ
86%
瑠璃色金魚と花菖蒲
86%
オレンジノキオク
86%
Gift Sign
86%
Snow White
86%
第六話 Star Impression
86%
第九話 Unknown Boxの開き方
86%
第五話 We Have A Dream
86%
第十一話 トワラー
79%
ハミングバード
79%
第八話 catch my feeling
79%
Sentimental Venus
79%
フェスタ・イルミネーション
71%
Dreaming!
71%
第十話 G線上のアリア
71%
REFRAIN REL@TION
71%
第四話 セブンカウント
57%
追憶のサンドグラス
50%
チョー↑元気Show☆アイドルch@ng!
43%
No matching quizzes found
Score Distribution
Percent of People with Each Score
Percentile by Number Answered
Your Score History
You have not taken this quiz since the last reset